Developing computer solutions for your business problems /

Bibliographic Details
Main Author: Petersohn, Henry H.
Format: Book
Language:English
Published: Englewood Cliffs, N.J. : Prentice-Hall, [1982]
Subjects:

MARC

Tag First Indicator Second Indicator Subfields
LEADER 00000pam a2200000 a 4500
001 in00000302313
005 20151010150009.0
008 820524s1982 nju 00110 eng
010 |a  82010188  
020 |a 0132043130 
020 |a 013204305X (pbk.) 
035 |a (OCoLC)08533452 
035 |9 ABH8094AM 
039 0 |a 2  |b 3  |c 3  |d 3  |e 3 
040 |a DLC  |c DLC  |d TXA  |d UtOrBLW 
049 |a TXAM  |c [775124] 
050 0 0 |a HF5548.2  |b .P478 1982 
082 0 |a 658/.054  |2 19 
100 1 |a Petersohn, Henry H. 
245 1 0 |a Developing computer solutions for your business problems /  |c  Henry Petersohn. 
264 1 |a Englewood Cliffs, N.J. :  |b Prentice-Hall,  |c [1982] 
264 4 |c ©1982 
300 |a xiv, 157 pages ;  |c 24 cm. 
336 |a text  |b txt  |2 rdacontent 
337 |a unmediated  |b n  |2 rdamedia 
338 |a volume  |b nc  |2 rdacarrier 
500 |a "A manager's guide to effective planning, implementation, & evaluation of automation alternatives"--Cover. 
500 |a "A Spectrum book." 
500 |a Includes index. 
650 0 |a Business  |x Data processing. 
999 |a MARS 
999 f f |s d6f375d6-1b30-304b-bb25-c3ffcfc06d22  |i ca4683ec-28d2-3805-9e3a-ff213b52ce6a  |t 0 
952 f f |p ric  |a Texas A&M University  |b Rellis Campus  |c Joint Library Facility  |d Remote Storage  |t 0  |e HF5548.2 .P478 1982  |h Library of Congress classification  |i unmediated -- volume  |m A14806361029 
998 f f |a HF5548.2 .P478 1982  |t 0  |l Remote Storage